ბათუმის შოთა რუსთაველის სახელმწიფო უნივერსიტეტის ბიბლიოთეკა

თანამედროვე საერთაშორისო სამართალი= Contemporary international law : (ბიბ.ჩანაწერი № 49396)

000 -ლიდერი
ფიქსირებული სიგრძის საკონტროლო ველი 01160nam a2200265Ia 4500
001 - საკონტროლო ნომერი
საკონტროლო ველი 16316
003 - საკონტროლო ნომრის იდენტიფიკატორი
საკონტროლო ველი GE_BSU
005 - ბოლო ოპერაციის თარიღი და დრო
საკონტროლო ველი 20221115170127.0
008 - ფიქსირებული სიგრძის მონაცემთა ელემენტები - ზოგადი ინფორმაცია
ფიქსირებული სიგრძის საკონტროლო ველი 181216s2004||||ge |||||||||||||| ||geo||
020 ## - წიგნის საერთაშორისო სტანდარტული ნომერი
International Standard Book Number 9994017047
040 ## - კატალოგიზაციის წყარო
Transcribing agency GE_BSU
041 ## - ენის კოდი
Language code of text/sound track or separate title geo
080 ## - უნივერსალური ათობითი კლასიფიკაციის ინდექსი
Universal Decimal Classification number 341(038) + 81'374.26:341=353.1 თ-29
100 ## - მთავარი ჩანაწერი - პიროვნების სახელი
Personal name ალექსიძე, ლ.
9 (RLIN) 3938
245 ## - ცნობა სათაურის შესახებ
Title თანამედროვე საერთაშორისო სამართალი= Contemporary international law :
Remainder of title ლექსიკონი-ცნობარი /
Statement of responsibility, etc [ავტ.: ლ. ალექსიძე (პ/მგ რედ.), ლ. გიორგაძე, ზ. დავითაშვილი და სხვ.].
250 ## - გამოცემის ცნობა
Edition statement მე-2 გამოც.
264 ## - წარმოების, გამოცემის, დისტრიბუციის და სხვა ცნობები
გამოცემის, წარმოების, დისტრიბუციის... ადგილი თბილისი :
გამოცემის, წარმოების, დისტრიბუციის... სახელწოდება ჯისიაი,
გამოცემის, წარმოების, დისტრიბუციის... თარიღი 2004.
300 ## - ფიზიკური აღწერა
Extent 417 გვ.;
Other physical details 24 სმ.
500 ## - ზოგადი შენიშვნა
General note თავფურ. ინგლ.
653 ## - INDEX TERM--UNCONTROLLED
Uncontrolled term საერთაშორისო სამართალი
653 ## - INDEX TERM--UNCONTROLLED
Uncontrolled term სამართალი
700 ## - ADDED ENTRY--PERSONAL NAME
Personal name ალექსიძე, ლ.
Relator term ავტორი
9 (RLIN) 3938
942 ## - ADDED ENTRY ELEMENTS (KOHA)
Koha item type წიგნი
Source of classification or shelving scheme
ეგზემპლარები
ჩამოწერის სტატუსი დაკარგული ეგზემპლარის სტატუსი კლასიფიკაციის წყარო ან თაროზე გაწყობის სქემა დაზიანების სტატუსი არ გაიცემა მუდმივი მდებარეობა (დაცვის ადგილი) ამჟამინდელი ადგილსამყოფელი თაროზე განთავსების ადგილი შეძენის თარიღი ღირებულება, შესყიდვის ნორმალური ფასი სრული შენახვის შიფრი შტრიხკოდი ბოლო ოპერაციის თარიღი ეგზემპლარის მიმდევრობითი ნომერი (კეტერი?) ფასის ძალაში შესვლის თარიღი ეგზემპლარის სახეობა საჯარო შენიშვნა
          ბათუმის შოთა რუსთაველის სახელმწიფო უნივერსიტეტის მთავარი ბიბლიოთეკა ბათუმის შოთა რუსთაველის სახელმწიფო უნივერსიტეტის მთავარი ბიბლიოთეკა წიგნსაცავი 2018-12-17 18.00 341(038) + 81'374.26:341=353.1 თ-29 40595 2018-12-17 40595 2018-12-17 წიგნი 18 ლ.
          ბათუმის შოთა რუსთაველის სახელმწიფო უნივერსიტეტის მთავარი ბიბლიოთეკა ბათუმის შოთა რუსთაველის სახელმწიფო უნივერსიტეტის მთავარი ბიბლიოთეკა წიგნსაცავი 2022-11-15 20.00 341(038) + 81'374.26:341=353.1 თ-29 28895 2022-11-15 28895 2022-11-15 წიგნი 20 ლ.
          ბათუმის შოთა რუსთაველის სახელმწიფო უნივერსიტეტის მთავარი ბიბლიოთეკა ბათუმის შოთა რუსთაველის სახელმწიფო უნივერსიტეტის მთავარი ბიბლიოთეკა წიგნსაცავი 2022-11-15 20.00 341(038) + 81'374.26:341=353.1 თ-29 28894 2022-11-15 28894 2022-11-15 წიგნი 20 ლ.